00496 2200193 4500001002100000005001500021035002000036007000300056008004100059020002200100082001300122084002000135100001800155245002900173250000600202260004400208300004000252650001000292INLIS00000000000204020260224081041 a0010-0226000050ta260224 d 1 ind  a978-979-20-2953-2 a741.5592 a741.5592 YOS y0 aYoshida Akimi1 aYasha 1 /cYoshida Akimi a- aJakarta :bElex Media Komputindo,c2001 a188 hlm. :bilus. ;c11.5 x 17.5 cm aKomik